书目信息 |
| 题名: |
建筑构造与识图
|
|
| 作者: | 李小霞 主编 | |
| 分册: | ||
| 出版信息: | 郑州 黄河水利出版社 2013 |
|
| 页数: | 254页 | |
| 开本: | 26cm | |
| 丛书名: | ||
| 单 册: | ||
| 中图分类: | TU22 | |
| 科图分类: | ||
| 主题词: | 建筑构造--高等职业教育--教材 , 建筑制图--识别--高等职业教育--教材 , 建筑制图 , 建筑构造 | |
| 电子资源: | ||
| ISBN: | 978-7-5509-0565-8 | |
| 000 | 00991nam0 2200265 450 | |
| 001 | 141701 | |
| 005 | 20141111121653.82 | |
| 010 | @a978-7-5509-0565-8@dCNY 34.00 | |
| 100 | @a20140314d2013 em y0chiy50 ea | |
| 101 | 0 | @achi |
| 102 | @aCN@b410000 | |
| 105 | @aa z 000yy | |
| 200 | 1 | @a建筑构造与识图@9jian zhu gou zao yu shi tu@b专著@f李小霞主编 |
| 210 | @a郑州@c黄河水利出版社@d2013 | |
| 215 | @a254页@d26cm | |
| 300 | @a高等职业教育土建类新编技能型规划教材 | |
| 330 | @a本书共分十章,内容包括:概论,民用建筑构造(基础与地下室、墙体、楼地层与地面、楼梯构造、层顶、门窗和变形缝),工业建筑,建筑识图。全书以培养和提高应用能力为目的,在每章后面配有小结和练习题,为强化训练,书后附有建筑施工图,以供学生巩固所学知识。 | |
| 606 | 0 | @a建筑构造@x高等职业教育@j教材 |
| 606 | 0 | @a建筑制图@x识别@x高等职业教育@j教材 |
| 606 | 0 | @a建筑制图 |
| 606 | 0 | @a建筑构造 |
| 690 | @aTU22@v5 | |
| 701 | 0 | @a李小霞@9li xiao xia@c(建筑)@4主编 |
| 801 | 0 | @c20141111 |
| 905 | @a241430@dTU22@eL2901 | |
| 建筑构造与识图/李小霞主编.-郑州:黄河水利出版社,2013 |
| 254页;26cm |
| 高等职业教育土建类新编技能型规划教材 |
| ISBN 978-7-5509-0565-8:CNY 34.00 |
| 本书共分十章,内容包括:概论,民用建筑构造(基础与地下室、墙体、楼地层与地面、楼梯构造、层顶、门窗和变形缝),工业建筑,建筑识图。全书以培养和提高应用能力为目的,在每章后面配有小结和练习题,为强化训练,书后附有建筑施工图,以供学生巩固所学知识。 |
| ● |
| 相关链接 |
|
|
|
正题名:建筑构造与识图
索取号:TU22/L2901
 
预约/预借
| 序号 | 登录号 | 条形码 | 馆藏地/架位号 | 状态 | 备注 |
| 1 | 0838719 | 208387191 | 建筑库101/101建筑库 45排6列2层/ [索取号:TU22/L2901] | 在馆 | |
| 2 | 0838720 | 208387208 | 建筑库101/101建筑库 45排6列2层/ [索取号:TU22/L2901] | 在馆 | |
| 3 | 0838721 | 208387217 | 建筑库101/101建筑库 45排6列2层/ [索取号:TU22/L2901] | 在馆 |